00567nam a2200217Ia 4500003000900000008004100009020001800050040001600068080001600084100001600100245008100116250001200197260003200209300001400241490002800255650001400283650001200297650001600309650001200325650001200337IN-BaIIA211028s9999 xx 000 0 eng d a0-07-046617-3 cIIA Library a621.38bNAS aNash, W. A. 0aSchaum's outline of theory and problems of strength of materialscW. A. Nash a4th ed. aNew YorkbMcGraw-Hillc1998 avi, 474p. aSchaum's Outline Series aCentroids aColumns aCompression aTension aTorsion